000 00722nam a2200205Ia 4500
005 20241216011348.0
008 190429s9999||||xx |||||||||||||| ||und||
082 _a614.7
_bC74
100 _aCONDOR HUAYNATES, SILVIA ELIZABETH
245 0 _aEFECTO DE LA CONTAMINACION AMBIENTAL DEL SUELO Y AGUA EN LA OCURRENCIA DE ENFERMEDADES HIDATIDICAS DEL POBLADOR DE CERRO DE PASCO ENERO A DICIEMBRE DEL 2006
250 _a0
260 _aCERRO DE PASCO-PERU
_bUNDAC
_c2007
300 _a47 pag.
_c22 cm.
341 _h0
490 _v0
_a0
505 _aMATERIAL Y METODOS/RESULTADOS/DISCUSION/CONCLUSIONES/RECOMENDACIONES
541 _aD
_bCONDOR HUAYNATES SILVIA
_d05-Dec-08
_oSoles
650 _aEnfermería
942 _cTESIS
999 _c39772
_d39772